Vera's Bucketlist Countries - Statistics

General Stats
  • This quiz has been taken 5 times
  • The average score is 2 of 10
Answers on the Grid
Answers color-coded by a green-red scale on the quiz's grid according to % correct below.
Greece
Laos
Iceland
Turkey
Switzerland
Maldives
Spain
South Korea
New Zealand
Fiji
Japan
Netherlands
Jamaica
Sweden
Norway
Finland
Peru
Vanuatu
Guatemala
Costa Rica
 
Answer Stats
Answer % Correct
Iceland
75%
Maldives
50%
South Korea
50%
Greece
25%
New Zealand
25%
Costa Rica
0%
Fiji
0%
Finland
0%
Netherlands
0%
Norway
0%
No matching quizzes found
Score Distribution
Percent of People with Each Score
Percentile by Number Answered
Your Score History
You have not taken this quiz